000 00478nam a22001577a 4500
020 _a471744409
082 _a711.6
_bRUB
_cL-15, P-38
100 _aRubenstien, Harvey M
_945665
245 _aA guide to site and environmental planning
_cRubenstien, Harvey M
260 _aUSA
_bJohn Wiley and Sons
_c1969
300 _a190p.:
_bill,;
_c25cm.
526 _a0
_b0
_c0
_d711_600000000000000_RUB
526 _a0
_b0
_c0
_d711_600000000000000_RUB
650 _aMCE
_9379
942 _2ddc
_cBK
999 _c549143
_d549143